| 000 | 01373cam a2200277 4500 | ||
|---|---|---|---|
| 002 | 7123 | ||
| 008 | 040719n2002 000 0 eng u | ||
| 020 | _a0727731033 | ||
| 035 | _a(Sirsi) u126827 | ||
| 041 | _aeng. | ||
| 050 |
_a658.404 _c18 |
||
| 100 | _aKamara, John M. | ||
| 245 | _aCapturing client requirements in construction projects | ||
| 260 |
_aLondon _bThomas Telford _c2002 |
||
| 300 | _axviii,173p. ; 24cm. | ||
| 350 | _a25.50 | ||
| 520 | _aThis book describes an innovative and structured approach for capturing client requirements on construction projects. The new approach, encapsulated in a Client Requirements Processing Model (CRPM) and associated prototype software, ClientPro, facilitates better understanding and implementation of clients' requirements, more effective collaborative working and design creativity. It also minimises uncertainties and downstream problems because of the early consideration of issues affecting the lifecycle of a facility, and provides the basis for effective requirements management throughout the facility lifecycle. | ||
| 650 | _aCLIENT REQUIREMENTS | ||
| 650 | _aCONSTRUCTION PROJECTS | ||
| 650 | _aCUSTOMER SATISFACTION | ||
| 650 | _aMANAGEMENT-PROJECT MANAGEMENT | ||
| 690 | _aBUILDING AND CONSTRUCTION-PROJECTS | ||
| 700 | _aAnumba, Chimay J. | ||
| 700 | _aEvbuomwan, Nosa F.O. | ||
| 942 | _n0 | ||
| 999 |
_c103646 _d103646 |
||